BIBLIOTECA

SENCICO

Sistemas y análisis de la información geográfica : Manual de autoaprendizaje con ArcGIS (Registro nro. 543)

Detalles MARC
000 -LEADER
fixed length control field 00785nam a2200289Ia 4500
005 - DATE AND TIME OF LATEST TRANSACTION
control field 20251020182441.0
008 - FIXED-LENGTH DATA ELEMENTS--GENERAL INFORMATION
fixed length control field 200515s9999 xx 000 0 und d
020 ## - INTERNATIONAL STANDARD BOOK NUMBER
International Standard Book Number 970-15-1181-6
082 ## - DEWEY DECIMAL CLASSIFICATION NUMBER
Classification number 528.767/M79
100 ## - MAIN ENTRY--PERSONAL NAME
Personal name Cañada Torrecillas, Rosa
100 ## - MAIN ENTRY--PERSONAL NAME
Personal name Cervera Cruañes, Begoña
100 ## - MAIN ENTRY--PERSONAL NAME
Personal name Fernández García, Felipe [et al.]
245 #0 - TITLE STATEMENT
Title Sistemas y análisis de la información geográfica : Manual de autoaprendizaje con ArcGIS
250 ## - EDITION STATEMENT
Edition statement 1a ed.
260 ## - PUBLICATION, DISTRIBUTION, ETC.
Place of publication, distribution, etc. México, D.F.
260 ## - PUBLICATION, DISTRIBUTION, ETC.
Name of publisher, distributor, etc. Alfaomega ; Ra-Ma
260 ## - PUBLICATION, DISTRIBUTION, ETC.
Date of publication, distribution, etc. 2006
300 ## - PHYSICAL DESCRIPTION
Extent 895 p.
300 ## - PHYSICAL DESCRIPTION
Other physical details il., tbl., graf.
500 ## - GENERAL NOTE
General note 2 ejemplares
650 ## - SUBJECT ADDED ENTRY--TOPICAL TERM
Topical term or geographic name entry element ARCGIS
650 ## - SUBJECT ADDED ENTRY--TOPICAL TERM
Topical term or geographic name entry element SIG
650 ## - SUBJECT ADDED ENTRY--TOPICAL TERM
Topical term or geographic name entry element SISTEMAS DE INFORMACION GEOGRAFICA
942 ## - ADDED ENTRY ELEMENTS (KOHA)
Koha item type Libros
Existencias
Fecha de la última vez que lo usaron Pago total Signatura topográfica completa Código de barras Precio efectivo desde Tipo de documento Estado perdido Estado dañado No es para préstamo Retirado Ubicación permanente Ubicación actual Fecha de adquisición Número de ejemplar
15/05/2020   528.767/M79 Bib-Lima15050543 15/05/2020 Libros         Biblioteca Central Lima Biblioteca Central Lima 15/05/2020  
15/05/2020   528.767/M79 Bib-Lima16050543 15/05/2020 Libros         Biblioteca Central Lima Biblioteca Central Lima 15/05/2020 Ej.2